Finalists of WST Snooker Games in 24/25 Season - Statistics

General Stats
  • This quiz has been taken 27 times
  • The average score is 20 of 24
Answer Stats
Country % Correct
John Higgins
100%
Judd Trump
100%
Kyren Wilson
100%
Mark Selby
100%
Mark Williams
100%
Zhao Xintong
100%
Mark Allen
95%
Neil Robertson
95%
Shaun Murphy
95%
Ali Carter
90%
Ding Junhui
90%
Barry Hawkins
85%
Luca Brecel
85%
Si Jiahui
85%
Stuart Bingham
85%
Tom Ford
75%
Wu Yize
75%
Xiao Guodong
75%
Chris Wakelin
70%
Stephen Maguire
70%
Lei Peifan
65%
Joe O'Connor
55%
Jackson Page
40%
Liam Graham
35%
No matching quizzes found
Score Distribution
Percent of People with Each Score
Percentile by Number Answered
Your Score History
You have not taken this quiz